00940nam a2200265 a 450000100060000000300080000600500170001400800410003102000180007203500190009004000350010904100080014408200250015210000470017724500750022425000120029926000690031130000320038050000200041265000230043265000240045594200120047999900170049195201660050860050BD-RjUL20211209080811.0161228s20082004enka 001 0 eng d a9780521670388 a(BD-RjUL)60174 aBD-RjULbengcBD-RjULdBD-RjUL aeng 223a363.73bMIU 20081 aHill, Marquita K.q(Marquita Kaya)917870210aUnderstanding environmental pollution :ba primer /cMarquita K. Hill. a2nd ed. aCambridge :bCambridge University Press,cc2004 [reprinted 2008] axvi, 468 p :bill ;c26 cm. aIncludes index. 0aPollution.9174644 0aPollutants.9178703 2ddccBK c60050d60050 00102ddc40718NFICaRUCLbRUCLcReadingd2009-09-02eDhaka, Ahsamia mission dis. : houseg595.00l0o363.73 HIU 2008r2016-12-28 00:00:00tC-1w2021-12-09yBK